| 000 | 00538nam a2200157Ia 4500 | ||
|---|---|---|---|
| 008 | 210428s9999 xx 000 0 und d | ||
| 020 | _a1860580904 | ||
| 082 | _a660.63 B6171 B | ||
| 100 |
_aA.W Nienow _952187 |
||
| 245 | 0 |
_a4th international conference on Bioreactor & Bioprocess Fluid Dynamics / _cA W Nienow |
|
| 260 |
_bBHR Group Conference Series _aUK _c1997 |
||
| 300 | _a434P | ||
| 440 |
_aBHR group conference series Publications No. 25 _9127100 |
||
| 760 | _bBHR group conference series Publications No. 25 | ||
| 942 |
_cBK _2ddc |
||
| 999 |
_c559954 _d559954 |
||